| 000 | 01136nam0a22002771 4500 | ||
|---|---|---|---|
| 001 | rc\3658456 | ||
| 005 | 20250610055519.0 | ||
| 021 |
_aRU _b73-76099 |
||
| 021 |
_aRU _bРг14700-73 |
||
| 035 | _a(NLR Aleph) 007738427 | ||
| 090 |
_a7132003 _c7132003 |
||
| 100 | _a20130115d1973 |||y0rusy50 ca | ||
| 101 | 0 | _arus | |
| 102 | _aRU | ||
| 105 | _aa z ||||| | ||
| 200 | 1 |
_aПереходные процессы в линейных электрических цепях _e(Метод. разраб. по анализу и расчету) _fРиж. высш. воен. командное училище им. Маршала Сов. Союза Бирюзова С.С. |
|
| 210 |
_aРига _cБ. и. _d1973 |
||
| 215 |
_a276 с. _cил. _d21 |
||
| 300 | _aПеред загл. авт.: В.Д. Крочакевич, С.С. Петров; на обороте тит. л. - 2-й авт.: доц., канд. техн. наук С.С. Петров | ||
| 700 | 1 |
_aКрочакевич _bВ.Д. |
|
| 701 | 1 |
_aПетров _bС.С. |
|
| 801 | 0 |
_aRU _bNLR _gpsbo |
|
| 801 | 1 |
_aRU _bELAR _2rusmarc |
|
| 852 |
_aNLR _j73-5/4176 |
||
| 942 | _cBOOK | ||
| 980 | _aNB | ||